Länder mit den meisten Kinos - Statistiken

Allgemein
  • Dieses Quiz wurde 163 mal gespielt
  • Das Durchschnittsergebnis liegt bei 9 aus 10
Antwortstatistiken
Kinos Land % Korrekt
40,246 Vereinigte Staaten
99%
4,613 Deutschland
98%
54,164 China
97%
5,741 Frankreich
93%
3,588 Spanien
91%
3,354 Italien
86%
4,046 Vereinigtes Königreich
86%
11,000 Indien
85%
4,021 Russland
84%
6,062 Mexiko
80%
Keine übereinstimmenden Quizze gefunden
Verteilung der Resultate
Anzahl Personen mit jedem Resultat
Perzentil nach korrekt beantworteten Fragen
Ihre Resultats-Entwicklung
Sie haben dieses Quiz noch nicht gespielt